Návšteva kolegýň z Jazykovedného ústavu Ľ. Štúra SAV na Fakulte aplikovaných jazykov Ekonomickej univerzity v Bratislave

Enregistré dans:
Détails bibliographiques
Auteur principal: Gašová, Zuzana, 1977-
Format: Chapitre de livre
Langue:slovaque
Tags: Ajouter un tag
Pas de tags, Soyez le premier à ajouter un tag!

MARC

LEADER 00000naa a2200000 4500
001 0258838
005 20240502074109.2
041 0 |a slo 
044 |a SK 
245 1 0 |a Návšteva kolegýň z Jazykovedného ústavu Ľ. Štúra SAV na Fakulte aplikovaných jazykov Ekonomickej univerzity v Bratislave  |c Zuzana Gašová 
100 1 |a Gašová, Zuzana, 1977-